Statistics for 50 Most Populous Cities In 2075 On A Map

Click here to take the quiz!

General Stats

  • This quiz has been taken 190 times
  • The average score is 38 of 50

Answers on the Map

Answers color-coded by a green-red scale on the quiz's map according to % correct below.
 

Answer Stats

PopulationCity% Correct
27,920,000New York City
99%
16,560,000Rio De Janeiro
98%
18,510,000Los Angeles
97%
33,000,000Cairo
96%
24,180,000Mexico City
96%
13,440,000Chicago
94%
14,680,000Istanbul
94%
21,280,000Sao Paulo
94%
16,400,000Buenos Aires
93%
49,340,000New Delhi
93%
28,920,000Tokyo
93%
57,200,000Lagos
91%
58,420,000Kinshasa
90%
57,860,000Mumbai
89%
21,050,000Shanghai
89%
32,750,000Manila
88%
15,780,000Beijing
86%
17,550,000Jakarta
86%
24,390,000Baghdad
84%
46,220,000Dhaka
84%
23,810,000Addis Ababa
83%
43,370,000Karachi
83%
28,420,000Nairobi
82%
30,680,000Khartoum
81%
45,090,000Kolkata
80%
14,560,000Dakar
78%
12,840,000Guangzhou
78%
14,220,000Ho Chi Minh City
77%
19,650,000Luanda
76%
37,490,000Dar es Salaam
75%
32,670,000Kabul
75%
16,690,000Sana'a
74%
23,880,000Lahore
72%
21,310,000Bangalore
70%
15,940,000Mogadishu
70%
22,210,000Chennai
68%
20,230,000Kampala
68%
15,520,000Abidjan
62%
20,370,000Niamey
60%
13,540,000Bamako
59%
19,940,000Hyderabad
59%
14,520,000Lusaka
59%
17,690,000Kano
58%
14,480,000N'Djamena
57%
16,930,000Ahmedabad
55%
16,040,000Chittagong
55%
15,320,000Lilongwe
53%
14,910,000Pune
49%
14,810,000Ibadan
41%
15,060,000Blantyre
26%

Score Distribution

Percentile by Number Answered

Percent of People with Each Score

Your Score History

You have not taken this quiz